[Event "IV Weekend A"]
[Site "Castelfidardo ITA"]
[Date "2000.12.03"]
[Round "6"]
[White "Rotoni, Matteo"]
[Black "Fioravanti, Diego"]
[Result "1-0"]
[WhiteElo "1831"]
[BlackElo "1618"]
[PlyCount "65"]
[EventDate "2000.11.25"]

1. e4 c6 2. d4 d5 3. e5 Bf5 4. h4 h6 5. g4 Bh7 6. e6 Nf6 7. g5 Ne4 8. Nf3 f6 9.
Nbd2 Qd6 10. Bh3 f5 11. Nxe4 dxe4 12. Ne5 Qxe6 13. gxh6 g6 14. Bf1 b5 15. a4
Nd7 16. Bf4 Nxe5 17. Bxe5 Rg8 18. axb5 Bxh6 19. Ra6 e3 20. Bg2 Rd8 21. Qe2 f4
22. fxe3 Qf5 23. Bxc6+ Kf8 24. O-O g5 25. h5 Qh3 26. Bg2 Qg3 27. Rxh6 Rc8 28.
Rxh7 Ke8 29. exf4 gxf4 30. Rxe7+ Kd8 31. Bf6 Qxg2+ 32. Qxg2 Rxg2+ 33. Kxg2 1-0